000 00430nam a2200181Ia 4500
003 GCL
008 140319s9999 xx 000 0 eng d
040 _aGCL /
_cGCL
082 0 4 _a759
_bA G
100 1 _aABBRUZZESE, MARGHERITA
245 1 0 _aGOYA /
_cABBRUZZESE, MARGHERITA
260 _a[S.N] :
_bTHAMES AND HUDSON ،
_c1989
300 _a79 P
650 0 4 _aARTS
650 0 4 _aPAINTING
650 0 4 _aGOYA
942 _2ddc
_cBK
999 _c20923
_d20923